000 00435nam a2200205Ia 4500
001 12077
003 GE_BSU
008 181216s||||||||xx |||||||||||||| ||und||
020 _a0751534048
040 _cGE_BSU
080 _a821.111-312.4
100 _aCornwell,Patricia
245 _aPredator
260 _aLondon
260 _bTime Warner books.
260 _c2005.
300 _a466p;18cm.
653 _aPredator
942 _cBK
999 _c45254
_d45254